000 00579nam a2200193Ia 4500
003 GCL
008 140319s9999 xx 000 0 ara d
040 _aGCL /
_cGCL
082 0 4 _a415.2
_bع ح
100 1 _aعبدالعال سالم مكرم
245 1 0 _aالحلقة المفقودة فى تاريخ النحو العربى /
_cعبدالعال سالم مكرم
260 _a[S.N] :
_bمؤسسة الرسالة ،
_c1993
300 _a492 ص
490 _a
650 0 4 _aتاريخ
650 0 4 _aالنحو
650 0 4 _aاللغة العربية
942 _2ddc
_cBK
999 _c55389
_d55389